Government and business.

Saved in:
Bibliographic Details
Main Author: Wernette, John Philip, 1900-
Format: Book
Language:English
Published: New York : Macmillan, [1964].
Subjects:
LEADER 00769nam a2200205 i 4500
001 c000244496
003 CARM
005 00000000000000.0
008 840311s1964 nyu 0 eng d
019 1 |a 24974584  |z 4243733  |z 54899147  |z 56484904  |z 58085656  |5 LACONCORD2021 
035 |a (OCoLC)231828  |5 LACONCORD2021 
082 0 4 |a 322.3 
100 1 |a Wernette, John Philip,  |d 1900- 
245 1 0 |a Government and business. 
260 |a New York :  |b Macmillan,  |c [1964]. 
300 |a 534 p. :  |b illus. 
650 0 |a Industrial policy  |z United States. 
852 8 |b CARM  |h A1:AP13C0  |i C08853  |p 0335288  |f BK 
999 f f |i 1a37b9b5-3938-5b96-9c27-8399ad01a88b  |s 5e7112ee-6c6e-59be-9e57-1c922e75b41a 
952 f f |p Can circulate  |a CAVAL  |b CAVAL  |c CAVAL  |d CARM 1 Store  |e C08853  |f A1:AP13C0  |h Other scheme  |i book  |m 0335288